Atmasiddhi Shastra: (Record no. 204781)

MARC details
000 -LEADER
fixed length control field 00583nam a22001817a 4500
005 - DATE AND TIME OF LATEST TRANSACTION
control field 20240802161447.0
010 ## - LCCN (DPL NO)
LC control number ENG-141159
020 ## - INTERNATIONAL STANDARD BOOK NUMBER
International Standard Book Number 9789354894039
Terms of availability 500.00
035 ## - SYSTEM CONTROL NUMBER
System control number EN-124691
037 ## - SOURCE OF ACQUISITION
Source of stock number/acquisition DBAD
082 ## - DEWEY DECIMAL CLASSIFICATION NUMBER
Classification number 1
100 ## - MAIN ENTRY--PERSONAL NAME
Personal name Shrimad Rajchandraji's
245 ## - TITLE STATEMENT
Title Atmasiddhi Shastra:
Remainder of title Six Spiritual Truth of the Soul/
Statement of responsibility, etc By Shrimad Rajchandraji's
260 ## - PUBLICATION, DISTRIBUTION, ETC. (IMPRINT)
Place of publication, distribution, etc Uttar Pradesh
Name of publisher, distributor, etc Harper Collins Publishers
Date of publication, distribution, etc 2021
270 ## - ADDRESS
Address A-75, Sector 57, Noida
City Uttar Pradesh
Postal code 201301
300 ## - PHYSICAL DESCRIPTION
Extent xlvii,518p.
Dimensions 22cm(Hb)
942 ## - ADDED ENTRY ELEMENTS (KOHA)
Source of classification or shelving scheme Dewey Decimal Classification
Item type English Books
Classification part 230.35
Call number suffix ATM
Edition 1
Holdings
Withdrawn status Lost status Not for loan Collection code Home library Current library Date acquired Source of acquisition Cost, normal purchase price Full call number Barcode Copy number Cost, replacement price Koha item type
    Not For Loan Non-fiction D.B.Act.Division D.B.Act.Division 02/08/2024 Delivery of Books Act Division 500.00 230.35 ATM EN-124691 1 500.00 English Books

© Delhi Public Library
Hit Counter
free hit counter